Динамика движения. Ч. 3: Виброзащитные свойства подвесок с гидравлическими, пневматическими и инерционными амортизаторами (Запись № 1048764)

Подробности
000 -МАРКЕР
контрольное поле 02488nam2a2200349 4500
001 - ИДЕНТИФИКАТОР ЗАПИСИ
контрольное поле RU\NLR\bibl\1681033
005 - ИДЕНТИФИКАТОР ВЕРСИИ
контрольное поле 20260405144328.0
010 ## - МЕЖДУНАРОДНЫЙ СТАНДАРТНЫЙ НОМЕР КНИГИ (ISBN)
Номер (ISBN) 978-5-9948-0248-9
Тираж 250
021 ## - НОМЕР ГОСУДАРСТВЕННОЙ РЕГИСТРАЦИИ
Код страны Российская Федерация
Номер 2010-64592
Номер Листа государственной регистраци 4239
035 ## - ДРУГИЕ СИСТЕМНЫЕ НОМЕРА
Идентификатор записи (NLR Aleph) 001672233
100 ## - ДАННЫЕ ОБЩЕЙ ОБРАБОТКИ
Данные общей обработки 20101001d2009 |||y0rusy50 ca
101 0# - ЯЗЫК РЕСУРСА
Язык текста, звукозаписи и т.д. русский
102 ## - СТРАНА ПУБЛИКАЦИИ ИЛИ ПРОИЗВОДСТВА
Страна публикации Российская Федерация
105 ## - ПОЛЕ КОДИРОВАННЫХ ДАННЫХ: ТЕКСТОВЫЕ МАТЕРИАЛЫ, МОНОГРАФИЧЕСКИЕ
Кодированные данные о монографическом текстовом документе a |||||||||
200 1# - ЗАГЛАВИЕ И СВЕДЕНИЯ ОБ ОТВЕТСТВЕННОСТИ
Основное заглавие Виброзащитные свойства подвесок с гидравлическими, пневматическими и инерционными амортизаторами
Первые сведения об ответственности В.В. Новиков, И.М. Рябов, К.В. Чернышев, В.И. Колмаков
210 ## - ПУБЛИКАЦИЯ, РАСПРОСТРАНЕНИЕ И ДР.
Дата издания, распространения и т.д. 2009
Место издания, распространения и т.д. Б. м.
215 ## - ФИЗИЧЕСКАЯ ХАРАКТЕРИСТИКА
Специфическое обозначение материала и объем 112 с.
Другие сведения о физической характеристике ил.
320 ## - ПРИМЕЧАНИЯ О НАЛИЧИИ В ДОКУМЕНТЕ БИБЛИОГРАФИИ / УКАЗАТЕЛЯ
Текст примечания Библиогр.: с. 111-112 (21 назв.)
461 #0 - УРОВЕНЬ НАБОРА
Встроенное поле 001RU\NLR\bibl\1691072
-- 2001#$aДинамика движения$vЧ. 3
Системный номер (АБИС) связанной записи 1108238
Автор Новиков, В. В. (д-р техн. наук, транспортные системы)
Место публикации Волгоград
Дата публикации 2008
Первые сведения об ответственности В.В. Новиков
Имя издателя, распространителя и т.д. ВолгГТУ
Сведения, относящиеся к заглавию учебное пособие : для студентов высших учебных заведений, обучающихся по специальностям 170102 "Стрелково-пушечное, артиллерийское и ракетное оружие" и 190202 "Многоцелевые гусеничные и колесные машины" : в 3 ч.
Заглавие Динамика движения
Номер тома Ч. 3
606 1# - НАИМЕНОВАНИЕ ТЕМЫ КАК ПРЕДМЕТ
Наименование темы Транспортные машины
Формальный подзаголовок Учебные издания для высших учебных заведений
Тематический подзаголовок Подвески
-- Характеристики
Системный номер авторитетной/нормативной записи 1807943
Идентификатор авторитетной/нормативной записи RU\NLR\auth\661108618
686 ## - ИНДЕКСЫ ДРУГИХ КЛАССИФИКАЦИЙ
Индекс О12-046.4-01я73-1
701 #1 - ИМЯ ЛИЦА - АЛЬТЕРНАТИВНАЯ ОТВЕТСТВЕННОСТЬ
Код отношения Автор
Материалы, к которым относится поле rus
Графика поля Кириллица
Начальный элемент ввода Новиков
Часть имени, кроме начального элемента ввода В. В.
Дополнения к именам, кроме дат д-р техн. наук, транспортные системы
Расширение инициалов личного имени Вячеслав Владимирович
Идентификатор авторитетной/нормативной записи RU\NLR\auth\7747460
Системный номер авторитетной/нормативной записи 30395
701 #1 - ИМЯ ЛИЦА - АЛЬТЕРНАТИВНАЯ ОТВЕТСТВЕННОСТЬ
Код отношения Автор
Начальный элемент ввода Рябов
Часть имени, кроме начального элемента ввода И. М.
Дополнения к именам, кроме дат д-р техн. наук, транспортные системы
Даты 1948-
Расширение инициалов личного имени Игорь Михайлович
Системный номер авторитетной/нормативной записи 144400
Идентификатор авторитетной/нормативной записи RU\NLR\AUTH\770144436
701 #1 - ИМЯ ЛИЦА - АЛЬТЕРНАТИВНАЯ ОТВЕТСТВЕННОСТЬ
Код отношения Автор
Материалы, к которым относится поле rus
Графика поля Кириллица
Начальный элемент ввода Чернышов
Часть имени, кроме начального элемента ввода К. В.
Дополнения к именам, кроме дат канд. техн. наук
Расширение инициалов личного имени Константин Владимирович
Идентификатор авторитетной/нормативной записи RU\NLR\auth\7759959
Системный номер авторитетной/нормативной записи 42890
701 #1 - ИМЯ ЛИЦА - АЛЬТЕРНАТИВНАЯ ОТВЕТСТВЕННОСТЬ
Начальный элемент ввода Колмаков
Часть имени, кроме начального элемента ввода В. И.
Расширение инициалов личного имени Василий Иосифович
Код отношения Автор
801 #0 - ИСТОЧНИК ЗАПИСИ
Страна Российская Федерация
Организация NLR
Дата составления 20101001
Правила каталогизации RCR
801 #1 - ИСТОЧНИК ЗАПИСИ
Страна Российская Федерация
Организация NLR
Дата составления 20101001
830 ## - ОБЩЕЕ ПРИМЕЧАНИЕ, СОСТАВЛЕННОЕ КАТАЛОГИЗАТОРОМ
Текст примечания авт. по кн.
942 ## - ДОПОЛНИТЕЛЬНЫЕ ЭЛЕМЕНТЫ ЗАПИСИ (АБИС)
Тип экземпляра АБИС Книга
980 ## - КОЛЛЕКЦИЯ
Название коллекции Национальная библиография
Экземпляры
Тип экземпляра Дата поступления Источник поступления Библиотека постоянного хранения Библиотека текущего хранения Место хранения Шифр хранения Штрих-код Статус экземпляра
Книга 01.10.2010 Обязательный экземпляр РНБ (Московский) РНБ (Московский) Русский книжный фонд: издания с 1957 года 2009-3/31793 3258947  
Книга 01.10.2010 Обязательный экземпляр РНБ (Московский) РНБ (Московский) Русский книжный фонд: издания с 1957 года 2009-3/31793 3258948